Abhijnanasakuntalam : sanskrit text with english translation (Record no. 1229037)
[ view plain ]
| 000 -LEADER | |
|---|---|
| fixed length control field | 00746nam a2200229Ia 4500 |
| 005 - DATE AND TIME OF LATEST TRANSACTION | |
| control field | 20241129111125.0 |
| 008 - FIXED-LENGTH DATA ELEMENTS--GENERAL INFORMATION | |
| fixed length control field | 241129s9999||||xx |||||||||||||| ||und|| |
| 020 ## - INTERNATIONAL STANDARD BOOK NUMBER | |
| International Standard Book Number | 978-81-8315-226-6 |
| 037 ## - SOURCE OF ACQUISITION | |
| Stock number | TB |
| 040 ## - CATALOGING SOURCE | |
| Original cataloging agency | CRL |
| Language of cataloging | eng |
| Transcribing agency | CRL |
| 041 ## - LANGUAGE CODE | |
| Language code of text/sound track or separate title | eng |
| Source of code | eng |
| 084 ## - COLON CLASSIFICATION NUMBER | |
| Classification number | O15,2D40,1 111R3 |
| Assigning agency | CRL |
| 100 ## - MAIN ENTRY--PERSONAL NAME | |
| Personal name | Kalidasa Au.; Unni N. P. Au. |
| 245 #0 - TITLE STATEMENT | |
| Title | Abhijnanasakuntalam : sanskrit text with english translation |
| Statement of responsibility, etc. | Kalidasa Au.; Unni N. P. Au. |
| 260 ## - PUBLICATION, DISTRIBUTION, ETC. | |
| Place of publication, distribution, etc. | Delhi, India |
| Name of publisher, distributor, etc. | New Bhartiya Book Corporation |
| Date of publication, distribution, etc. | 2023 |
| 300 ## - PHYSICAL DESCRIPTION | |
| Extent | xxxviii,198p. |
| 365 ## - TRADE PRICE | |
| Price type code | INR |
| Price amount | 350 |
| 546 ## - LANGUAGE NOTE | |
| Language note | Translated from Sanskrit to English |
| 650 ## - SUBJECT ADDED ENTRY--TOPICAL TERM | |
| Topical term or geographic name entry element | Sanskrit LiteratureDrama |
| 9 (RLIN) | 726239 |
| 942 ## - ADDED ENTRY ELEMENTS (KOHA) | |
| Koha item type | Textbook |
| Classification part | O15,2D40,1 111R3 |
| Withdrawn status | Lost status | Damaged status | Not for loan | Home library | Current library | Date acquired | Source of acquisition | Cost, normal purchase price | Inventory number | Total Checkouts | Full call number | Barcode | Date last seen | Date last checked out | Price effective from | Koha item type |
|---|---|---|---|---|---|---|---|---|---|---|---|---|---|---|---|---|
| Central Library | Arts Library | 2024-11-29 | Eastern Book Linkers | 350.00 | 6482 & 05/12/2023 | 1 | O15,2D40,1 111R3 | CL1679837 | 2026-02-18 | 2026-02-02 | 2024-11-29 | Textbook |
